000 00641nam a2200205Ii 4500
003 JO-AjNU
008 230605s9999||||xx |||||||||||||| ||und||
040 _aJO-AjNU
_bara
_erda
_cJO-AjNU
041 _aara
050 1 4 _aQ162 .A22 2007
100 3 _aعبد العال، عبد الفتاح رمضان ,
_eauthor
_923672
245 0 0 _aالمعارف والعلوم
250 _aط1
264 3 1 _aعمان: دار اليازوري، 2007
300 _a232ص
336 _atext
_btxt
_2rdacontent
337 _aunmediated
_bn
_2rdamedia
338 _avolume
_bnc
_2rdacarrier
650 4 _a العلوم-المباحث العامه
_923673
999 _aA8601
_c12169
_d12169